Estudio predial y de tenencia de tierras en la zona del páramo de Chiles, Nariño, como aporte a la consolidación de la implementación del plan de manejo del páramo (Registro nro. 6515)

Detalles MARC
000 -CABECERA
Campo de control 00643nam a2200193 a 4500
005 - FECHA Y HORA DE LA ULTIMA TRANSACCION
Campo de control 20141230140210.0
008 - ELEMENTOS DE LONGITUD FIJA—INFORMACION GENERAL
Campo de control 140130b2008 ck ||||| |||| 00| 0 spa d
040 ## - FUENTE DE CATALOGACIÓN
Agencia transcriptora CO-BoIH
041 ## - IDIOMA
Código de idioma para texto/pista de sonido o título separado Español
044 ## - PAÍS DE PUBLICACIÓN
País de publicación Colombia
090 ## - CLASIFICACIÓN LOCAL
Colección IAVH
Consecutivo 01214
100 ## - ASIENTO PRINCIPAL--NOMBRE PERSONAL
Nombre personal Silva, Christian
245 ## - MENCION DE TITULO
Título Estudio predial y de tenencia de tierras en la zona del páramo de Chiles, Nariño, como aporte a la consolidación de la implementación del plan de manejo del páramo
260 ## - PUBLICACION, DISTRIBUCION, ETC. (PIE DE IMPRENTA)
Lugar de publicación, distribución, etc. San Juan de Pasto
Nombre del editor, distribuidor, etc. Instituto Alexander von Humboldt
Fecha de publicación, distribución, etc. 2008
300 ## - DESCRIPCION FISICA
Extensión 22 p.
662 ## - ASIENTO SECUNDARIO DE MATERIA - JERARQUIA DEL NOMBRE DE LUGAR(
Jurisdicción política intermedia Páramo de Chiles
Jurisdicción política de primer orden Nariño
942 ## - ELEMENTOS ADICIONALES (KOHA)
Tipo de ítem Informe Técnico
Sistema de clasificación Local
945 ## - PROCESAMIENTO LOCAL
AAAA-MM-DD - Fecha de ingreso o modificacion 2008-08-26
Existencias
Withdrawn status Lost status Sistema de Clasificación Damaged status No para préstamo Colección Inventariado Ubicación Permanente Ubicación actual Fecha de adquisición Total Checkouts Número topográfico Inventario / Código de Barras Date last seen Ejemplar Price effective from Forma de adquisición Tipo de material
    Local     Humboldt Inventariado 2017 Bogotá Bogotá 26/08/2008   IAVH-01214 024222 09/08/2024 Ej. 1 04/12/2012   Informe Técnico